00508nam a2200193 a 450000100060000000300090000600800410001504000280005608200170008411000350010124500250013626000430016130000070020465000210021165000210023265000200025365000200027365000210029313511CO-ViMGA141112s2004 ck r 000 u spa d aCO-ViMGAbspacCO-ViMGA04a323.65 C656m aColombia. Leyes, Decretos, etc10aManual del ciudadano aSantafé de Bogotá : bO.R., c1999 a6514aDERECHOS CIVILES14aDERECHOS HUMANOS14aley 100 de 199314aLEY 115 DE 199414aLEY 134 DE 1994)